[Event "European Youth Chess Championship G18"]
[Site "Prague, Top Hotel Prague"]
[Date "2012.08.23"]
[Round "7.16"]
[White "Ljikar, Tamara"]
[Black "Turkova, Karolina"]
[Result "1-0"]
[WhiteElo "1821"]
[BlackElo "2004"]
[PlyCount "117"]
[EventDate "2012.08.17"]

1. e4 e5 2. Nf3 Nc6 3. Bc4 Nf6 4. d3 Be7 5. c3 O-O 6. O-O d6 7. Bb3 Na5 8. Bc2
c5 9. Re1 Bg4 10. Nbd2 Nc6 11. h3 Bh5 12. Nf1 Re8 13. Ng3 Bg6 14. Nh4 d5 15.
Qf3 d4 16. Nhf5 Bf8 17. Bg5 Rc8 18. h4 Bxf5 19. Nxf5 g6 20. Nxd4 cxd4 21. Bxf6
Qb6 22. Bb3 Rc7 23. h5 Na5 24. Ba4 Re6 25. Bd8 dxc3 26. bxc3 Bc5 27. Bxc7 Qxc7
28. Rad1 Qb6 29. Rb1 Qd8 30. Qe2 Qh4 31. Red1 gxh5 32. Bd7 Rg6 33. d4 Bd6 34.
Rd3 exd4 35. e5 Qe7 36. Qxh5 Bxe5 37. Bf5 Rg7 38. cxd4 Bf4 39. Rh3 h6 40. Rh4
Rg5 41. Bh7+ Kh8 42. Qf3 Bd2 43. Be4 Kg7 44. Rg4 b6 45. Rb5 Nc4 46. Rbxg5+ Bxg5
47. Qf5 Nd6 48. Qh7+ Kf6 49. Qh8+ Ke6 50. Bc6 Qf6 51. d5+ Ke7 52. Qb8 Qa1+ 53.
Kh2 Qe5+ 54. g3 h5 55. Qc7+ Kf8 56. Rxg5 Qxg5 57. Qxd6+ Kg7 58. Qf4 Qe7 59.
Qd4+ 1-0

[Event "European Youth Chess Championship G18"]
[Site "Prague, Top Hotel Prague"]
[Date "2012.08.23"]
[Round "7.17"]
[White "Terzidaki, Alexandra"]
[Black "Machlik, Edit"]
[Result "1-0"]
[WhiteElo "1958"]
[BlackElo "1740"]
[PlyCount "83"]
[EventDate "2012.08.17"]

1. e4 c5 2. Nf3 Nc6 3. d4 cxd4 4. Nxd4 Nf6 5. Nc3 e5 6. Ndb5 d6 7. Bg5 a6 8.
Na3 b5 9. Nd5 Be7 10. Bxf6 Bxf6 11. c3 Bg5 12. Nc2 O-O 13. a4 bxa4 14. Rxa4 a5
15. Bc4 Be6 16. Nce3 Bxe3 17. Nxe3 Qb8 18. b3 Rd8 19. O-O Ne7 20. Qc2 d5 21.
exd5 Nxd5 22. Bxd5 Bxd5 23. Nxd5 Rxd5 24. c4 Rd4 25. g3 Qc7 26. Qc3 Qd8 27.
Rfa1 Rd3 28. Rxa5 Rb8 29. Qxe5 Rdxb3 30. c5 Rb1+ 31. Kg2 Rxa1 32. Rxa1 Qc8 33.
Qd6 Qb7+ 34. c6 Qb6 35. Rd1 Rc8 36. Qd7 Qb8 37. Rb1 Qa8 38. Kg1 Rd8 39. c7 Re8
40. Rd1 Qf3 41. Rc1 h6 42. c8=Q 1-0

[Event "European Youth Chess Championship G18"]
[Site "Prague, Top Hotel Prague"]
[Date "2012.08.23"]
[Round "7.18"]
[White "Steinhauserova, Anna"]
[Black "Zpevakova, Jana"]
[Result "0-1"]
[WhiteElo "1788"]
[BlackElo "1901"]
[PlyCount "45"]
[EventDate "2012.08.17"]

1. d4 Nf6 2. Nf3 d6 3. Bf4 Nbd7 4. h3 c6 5. e3 b5 6. b4 Nd5 7. a3 Nxf4 8. exf4
g6 9. Bd3 Bg7 10. c3 Nb6 11. Qc2 e6 12. g4 Qf6 13. Qc1 Bd7 14. g5 Qe7 15. Nbd2
f5 16. h4 Nd5 17. Nf1 e5 18. fxe5 dxe5 19. dxe5 Bxe5 20. Nxe5 Qxe5+ 21. Ne3 f4
22. O-O fxe3 23. fxe3 0-1

[Event "European Youth Chess Championship G18"]
[Site "Prague, Top Hotel Prague"]
[Date "2012.08.23"]
[Round "7.20"]
[White "Balzano, Filli"]
[Black "Bass, Leenoy"]
[Result "1-0"]
[WhiteElo "1916"]
[BlackElo "1614"]
[PlyCount "55"]
[EventDate "2012.08.17"]

1. e4 e5 2. Nf3 Nc6 3. Bc4 Bc5 4. c3 Qf6 5. d3 h6 6. Nbd2 Nge7 7. O-O d6 8. Re1
a6 9. Bb3 O-O 10. h3 Ng6 11. Nf1 Nf4 12. Be3 Ba7 13. Ng3 Bxe3 14. fxe3 Ng6 15.
Rf1 Nh4 16. Qe2 Be6 17. Nxh4 Qxh4 18. Nf5 Qg5 19. Rf3 Qh5 20. Nxg7 Qg6 21. Nf5
Bxf5 22. Rxf5 Ne7 23. Rf3 Rad8 24. Qf2 Qg7 25. Rg3 Ng6 26. h4 h5 27. Qf5 Qh6
28. Rxg6+ 1-0

[Event "European Youth Chess Championship G18"]
[Site "Prague, Top Hotel Prague"]
[Date "2012.08.23"]
[Round "7.21"]
[White "Koselova, Zuzana"]
[Black "Tarmastin, Laura"]
[Result "1-0"]
[WhiteElo "1912"]
[BlackElo "1747"]
[PlyCount "39"]
[EventDate "2012.08.17"]

1. e4 e5 2. Nf3 Nc6 3. Nc3 Bc5 4. Nxe5 Nxe5 5. d4 Bxd4 6. Qxd4 d6 7. f4 c5 8.
Bb5+ Kf8 9. Qd1 Nc6 10. Be3 Nge7 11. Qh5 Ng6 12. O-O Kg8 13. Rad1 Qe7 14. f5
Nge5 15. f6 Qe6 16. Qf5 Bd7 17. Qg5 Ng6 18. fxg7 Kxg7 19. Qh6+ Kg8 20. Nd5 1-0

[Event "European Youth Chess Championship G18"]
[Site "Prague, Top Hotel Prague"]
[Date "2012.08.23"]
[Round "7.22"]
[White "Kane, Marta"]
[Black "Grigoryan, Julieta"]
[Result "1-0"]
[WhiteElo "1787"]
[BlackElo "1838"]
[PlyCount "69"]
[EventDate "2012.08.17"]

1. d4 e6 2. Nf3 Nf6 3. Bf4 b6 4. e3 Bb7 5. Bd3 d5 6. O-O Bd6 7. Ne5 a6 8. Nd2
O-O 9. Qe2 c5 10. c3 Nc6 11. Ndf3 Ne7 12. Rac1 Ng6 13. Bg3 Ne4 14. Nxg6 Nxg3
15. hxg3 hxg6 16. Nh4 Qf6 17. Qg4 Bc8 18. Qe2 b5 19. f4 Re8 20. Nf3 Ra7 21. Kf2
Rae7 22. Rh1 e5 23. dxe5 Bxe5 24. fxe5 Rxe5 25. Rhe1 Rxe3 26. Qxe3 Rxe3 27.
Rxe3 Bd7 28. Rce1 Bc6 29. Re5 a5 30. Kg1 Qd8 31. Nd2 c4 32. Be2 d4 33. Bf3 Qb6
34. Kh1 Bxf3 35. Nxf3 1-0

[Event "European Youth Chess Championship G18"]
[Site "Prague, Top Hotel Prague"]
[Date "2012.08.23"]
[Round "7.23"]
[White "Urbonaviciute, Zivile"]
[Black "Haitovich, Avital"]
[Result "0-1"]
[WhiteElo "1763"]
[BlackElo "1874"]
[PlyCount "52"]
[EventDate "2012.08.17"]

1. e4 c5 2. Nf3 Nc6 3. d4 cxd4 4. Nxd4 g6 5. Nc3 Bg7 6. Be3 Nf6 7. f3 O-O 8.
Qd2 d6 9. Bc4 Bd7 10. O-O-O Rb8 11. g4 b5 12. Be2 Ne5 13. b3 Qa5 14. Kb2 Rfc8
15. g5 b4 16. Nb1 Ne8 17. h4 Rc5 18. h5 Rbc8 19. Rc1 Nc7 20. hxg6 hxg6 21. Rhg1
Nxf3 22. Bxf3 Nb5 23. Be2 Nc3 24. a4 Bxa4 25. Bc4 Rxc4 26. bxc4 Bb3 0-1

[Event "European Youth Chess Championship G18"]
[Site "Prague, Top Hotel Prague"]
[Date "2012.08.23"]
[Round "7.26"]
[White "Bacic, Kristina"]
[Black "Milicevic, Dajana"]
[Result "1/2-1/2"]
[WhiteElo "1801"]
[BlackElo "1684"]
[PlyCount "81"]
[EventDate "2012.08.17"]

1. d4 e6 2. Nf3 Nf6 3. Bf4 d5 4. Nbd2 Bd6 5. Ne5 Nbd7 6. e3 Be7 7. Be2 O-O 8.
g4 Nxe5 9. dxe5 Ne4 10. Nxe4 dxe4 11. Qd4 Qd5 12. Bc4 Qc6 13. O-O-O b5 14. Bf1
a5 15. Bg2 Bb7 16. Qd7 Bc5 17. Qxc6 Bxc6 18. g5 a4 19. h4 b4 20. h5 Bd5 21. Kb1
b3 22. cxb3 axb3 23. a3 Ra4 24. Rc1 Bxa3 25. bxa3 Rfa8 26. Kb2 Rxa3 27. Ra1
Ra2+ 28. Rxa2 Rxa2+ 29. Kc3 Rc2+ 30. Kb4 c5+ 31. Ka4 c4 32. Ka3 c3 33. Bxe4
Bxe4 34. Kxb3 Kf8 35. f3 Bxf3 36. Kxc2 Bxh1 37. Kxc3 Ke7 38. Kd4 Bf3 39. h6 g6
40. Kc5 Kd7 41. Bg3 1/2-1/2

[Event "European Youth Chess Championship G18"]
[Site "Prague, Top Hotel Prague"]
[Date "2012.08.23"]
[Round "7.27"]
[White "Sabolova, Kristyna"]
[Black "Wladyka, Angelika"]
[Result "1/2-1/2"]
[WhiteElo "1889"]
[BlackElo "1658"]
[PlyCount "143"]
[EventDate "2012.08.17"]

1. d4 g6 2. Nf3 Bg7 3. g3 c5 4. c3 cxd4 5. cxd4 Nf6 6. Bg2 O-O 7. O-O d5 8. Ne5
Nc6 9. Nc3 e6 10. b3 Qd6 11. f4 Qb4 12. Bd2 Qxd4+ 13. e3 Qb6 14. Na4 Qd8 15.
Nxc6 bxc6 16. Rc1 Bb7 17. b4 Nd7 18. Qb3 Ba6 19. Rfd1 Bc4 20. Rxc4 dxc4 21.
Qxc4 Nb6 22. Nxb6 Qxb6 23. Bxc6 Rad8 24. Kf2 Rd6 25. b5 Rfd8 26. Ke2 a6 27. a4
axb5 28. axb5 e5 29. e4 exf4 30. gxf4 Qc7 31. Qa2 Bc3 32. Bd5 Bxd2 33. Qxd2 Qb6
34. Qd3 Qc7 35. Qb3 Qd7 36. h3 Qc7 37. Kf3 Qd7 38. Kg3 Qc7 39. Rb1 Rb6 40. Rd1
g5 41. e5 gxf4+ 42. Kxf4 Kf8 43. Bc6 Rxd1 44. Qxd1 Qc8 45. Qd4 Rb8 46. Qd6+ Kg8
47. Kg5 Qd8+ 48. Qxd8+ Rxd8 49. b6 Kg7 50. b7 h6+ 51. Kf5 Kf8 52. e6 Ke7 53.
exf7 Kxf7 54. Bd7 Rb8 55. Bc8 Kg7 56. Ke6 h5 57. Kd6 h4 58. Kc7 Rxb7+ 59. Kxb7
Kh8 60. Kc6 Kg7 61. Kd5 Kh8 62. Ke5 Kg7 63. Kf4 Kh8 64. Kg4 Kg7 65. Kxh4 Kh8
66. Kg5 Kg7 67. h4 Kh8 68. Kg6 Kg8 69. h5 Kh8 70. Kf7 Kh7 71. Bf5+ Kh8 72. h6
1/2-1/2

[Event "European Youth Chess Championship G18"]
[Site "Prague, Top Hotel Prague"]
[Date "2012.08.23"]
[Round "7.28"]
[White "Mabille, Natacha"]
[Black "Yaka, Beyza"]
[Result "1-0"]
[WhiteElo "1853"]
[BlackElo "1584"]
[PlyCount "45"]
[EventDate "2012.08.17"]

1. e4 e5 2. Nf3 d6 3. d4 exd4 4. Nxd4 Nf6 5. Nc3 Be7 6. Bf4 O-O 7. Qd2 Re8 8.
O-O-O Nbd7 9. f3 Ne5 10. Qf2 Bd7 11. g4 Bf8 12. h4 a6 13. h5 Kh8 14. Be2 b5 15.
g5 Ng8 16. Rdg1 c5 17. Nf5 Bxf5 18. exf5 d5 19. Qg3 Nc6 20. g6 fxg6 21. hxg6
Nf6 22. Rxh7+ Nxh7 23. Qh3 1-0

[Event "European Youth Chess Championship G18"]
[Site "Prague, Top Hotel Prague"]
[Date "2012.08.23"]
[Round "7.29"]
[White "Kuk, Nika"]
[Black "Cormican, Ruth"]
[Result "1/2-1/2"]
[WhiteElo "1557"]
[BlackElo "1654"]
[PlyCount "80"]
[EventDate "2012.08.17"]

1. d4 Nf6 2. Nf3 e6 3. Bf4 d5 4. Nbd2 Bd6 5. Bg3 c5 6. e3 O-O 7. c3 Qc7 8. Bd3
Nbd7 9. O-O e5 10. dxe5 Nxe5 11. Nxe5 Bxe5 12. Bxe5 Qxe5 13. h3 Re8 14. Nf3 Qd6
15. Re1 Qb6 16. Rb1 Ne4 17. Bc2 Rd8 18. Nd2 Rd6 19. Qe2 Qc6 20. f3 Nxd2 21.
Qxd2 Be6 22. a3 Qc7 23. Rbc1 Rad8 24. Qe2 Qd7 25. Bb3 Rb6 26. Ba2 Rd6 27. Rcd1
Bf5 28. e4 dxe4 29. Rxd6 Qxd6 30. fxe4 Re8 31. e5 Qb6 32. Qf2 Be6 33. Bxe6 Rxe6
34. b4 Qc7 35. bxc5 Rxe5 36. Rxe5 Qxe5 37. Qd4 f6 38. Qd8+ Kf7 39. Qd7+ Qe7 40.
Qd5+ Kf8 1/2-1/2